000 01679nac a22004210a 4500
001 PT25739
003 AR-LpoUNG
005 20210201005155.0
008 201001s2006||||ag |||||||||||||||||spa d
020 _a9875800708
_c$6,6
040 _aAR-LpoUNG
_bspa
_eaacr
041 _aspa
044 _aag
082 0 _a982.064 594v3
100 1 _aAnguita, Eduardo
245 1 3 _aLa voluntad :
_buna historia de la militancia revolucionaria en la Argentina : 1973-1974 : la patria socialista
250 _a1ra ed.
260 _aBuenos Aires :
_bBooket,
_c2006.
300 _a564 p. :
_bil., tbls.
_a(5
_fVolúmenes)
_3Impreso
490 0 _aLa voluntad : una historia de la militancia revolucionaria en la Argentina
520 _a<p>Recorre el período que va desde la asunción de Héctor Cámpora hasta la muerte de Perón en julio de 1974. El país se encaminaba hacia el cumplimiento de los ideales revolucionarios, pero el 20 de junio Perón regresa desde Madrid y lo que debía ser una fiesta de bienvenida se convierte en una emboscada y en un tendal de cadáveres. Cámpora renuncia y se convoca a nuevas elecciones, Perón obtiene un triunfo abrumador en las urnas. Dos días más tarde los Montoneros matan a José Rucci.</p>
650 4 _aANALISIS HISTORICO
650 4 _aARGENTINA
650 4 _aASPECTOS SOCIALES
650 4 _aELECCIONES
650 4 _aGUERRILLEROS
650 4 _aHISTORIA
650 4 _aIDEOLOGIAS POLITICAS
650 4 _aSINDICALISMO
650 4 _aSINDICATOS
650 4 _aTERRORISMO
650 4 _aVIOLENCIA
651 4 _aArgentina
653 _aPERONISMO
700 1 _aCaparrós, Martín
905 _a25739
942 _cLIB
999 _c48689
_d48689